00828nam a2200181 a 450000100060000000300090000600800410001502000150005604000280007108200180009910000290011724500820014626000510022830000090027950503140028865000190060265000250062120533CO-ViMGA141112s2004 ck r 000 u spa d a9500618052 aCO-ViMGAbspacCO-ViMGA04a616.855 Q834f1 aQueiroz Marchesan, Irene10aFundamentos de Fonoaudiología : bAspectos clínicos de la motricidad oral aBuenos Aires : bMedica panAméricana, c2002 a126p aEstimulación de la succión para el recien nacido de alto riesgo 7 - - Evaluación y terapia de los problemas de respiración 25 - - Deglución - diagnóstico y posibilidades terapeuticas 57 - - Fisuras, esvaluación y terapia 85 - - Disfagia - Evaluacción y terapia Familia y fonoaudiología 113 14aFONOAUDIOLOGIA14aTERAPIA DEL LENGUAJE